Construction companion to building surveys (Record no. 101813)

MARC details
000 -LEADER
fixed length control field 00818cam a2200241 4500
008 - FIXED-LENGTH DATA ELEMENTS--GENERAL INFORMATION
fixed length control field 011218n2002 000 0 eng u
020 ## - INTERNATIONAL STANDARD BOOK NUMBER
International Standard Book Number 1859460917
035 ## - SYSTEM CONTROL NUMBER
System control number (Sirsi) u116045
050 ## - LIBRARY OF CONGRESS CALL NUMBER
Classification number 690.2
100 ## - MAIN ENTRY--PERSONAL NAME
Personal name Hoxley, M.
245 ## - TITLE STATEMENT
Title Construction companion to building surveys
260 ## - PUBLICATION, DISTRIBUTION, ETC.
Place of publication, distribution, etc. London
Name of publisher, distributor, etc. RIBA Publications
Date of publication, distribution, etc. 2002
300 ## - PHYSICAL DESCRIPTION
Extent 142p.
Dimensions 24cm.
350 ## - PRICE (NR) (BK AM CF MU VM SE) [OBSOLETE]
Price 20.00
490 ## - SERIES STATEMENT
Series statement RIBA Construction Companion Series
520 ## - SUMMARY, ETC.
Summary, etc. Written by the editor of "Structural survey" this text sets out a generic set of procedures for carrying out building surveys of domestic properties.
650 ## - SUBJECT ADDED ENTRY--TOPICAL TERM
Topical term or geographic name entry element BUILDING SURVEYS
650 ## - SUBJECT ADDED ENTRY--TOPICAL TERM
Topical term or geographic name entry element RICS HOMEBUYER SURVEY AND VALUATION
650 ## - SUBJECT ADDED ENTRY--TOPICAL TERM
Topical term or geographic name entry element STRUCTURAL SURVEYS
650 ## - SUBJECT ADDED ENTRY--TOPICAL TERM
Topical term or geographic name entry element VALUATION SURVEY
690 ## - LOCAL SUBJECT ADDED ENTRY--TOPICAL TERM (OCLC, RLIN)
Topical term or geographic name as entry element BUILT ENVIRONMENT-BUILDING INSPECTION
942 ## - ADDED ENTRY ELEMENTS (KOHA)
Suppress in OPAC 0
Holdings
Withdrawn status Lost status Source of classification or shelving scheme Damaged status Not for loan Home library Current library Shelving location Date acquired Cost, normal purchase price Total Checkouts Full call number Barcode Date last seen Date last checked out Copy number Cost, replacement price Price effective from Koha item type
    Dewey Decimal Classification     London London Books 04/07/2002 17.00 44 690.2 HOX 30066018 06/08/2019 25/06/2009 2 17.00 06/08/2019 Book